00981nam a22002891a 450000100070000000500170000700800410002401000230006502000150008802000150010303500030011804000180012104300120013905000240015108200250017510000330020024501020023326000590033530000380039450400660043265000120049865000450051065000540055565100400060985600160064985600260066574096320110718131250.0990312s1999 njuab b 001 0 eng  a99022818a99022818 a0691006741 a0691006741  aDLCcDLCdDLC ae-urs--00aDK759.K53bB35 199900a957.004945221bB1981 aBalzer, Marjorie Mandelstam.14aThe tenacity of ethnicity :ba Siberian saga in global perspective /cMarjorie Mandelstam Balzer. aPrinceton, N.J. :bPrinceton University Press,cc1999. axiv, 326 p. : ill., maps ; 25 cm. aIncludes bibliographical references (p. [277]-317) and index. 0aKhanty. 0aEthnologyzRussia (Federation)zSiberia. 0aIndigenous peopleszRussia (Federation)zSiberia. 0aSiberia (Russia)xEthnic relations.413Sample text423Publisher description